[Event "Eurotel Trophy"]
[Site "Prague"]
[Date "2002.05.02"]
[Round "4.4"]
[White "Anand, Viswanathan"]
[Black "Ivanchuk, Vassily"]
[Result "1-0"]
[WhiteElo "2752"]
[BlackElo "2711"]
[Annotator "Anand,V"]
[PlyCount "125"]
[EventDate "2002.04.28"]
[EventType "k.o. (rapid)"]
[EventRounds "5"]
[EventCountry "CZE"]
[SourceTitle "CBM 089"]
[Source "ChessBase"]
[SourceDate "2002.08.12"]
[SourceVersion "1"]
[SourceVersionDate "2002.08.12"]
[SourceQuality "1"]

1. e4 c5 2. Nf3 Nc6 3. d4 cxd4 4. Nxd4 Nf6 5. Nc3 d6 6. Bg5 e6 7. Qd2 a6 8.
O-O-O h6 9. Be3 Nxd4 10. Bxd4 b5 11. f3 Qa5 12. a3 Be7 $1 {An improvement on
our game from Linares 1992.} 13. Kb1 e5 14. Bf2 Be6 15. Be1 $6 {A slip of the
hand} (15. Bh4 Nxe4 (15... Rd8 16. Bxf6 Bxf6 17. Nd5 $14) 16. fxe4 Bxh4 17.
Qxd6 Rd8 18. Qc6+ $14) 15... Qc7 16. Bh4 Rd8 (16... Nxe4 $1) 17. Bxf6 Bxf6 18.
Nd5 {The position White wants. A comfortable edge without risk.} Bxd5 19. Qxd5
Bg5 20. c3 Be3 21. Bd3 O-O 22. Bc2 Bc5 23. Bb3 (23. b4 $5 Bb6 24. Rd3 $14)
23... a5 24. h4 g6 25. g4 $6 (25. g3 {was better - to follow with f4 and e5})
25... Kg7 26. Rhf1 Rde8 27. g5 hxg5 28. hxg5 Be3 29. Qxd6 Qxd6 30. Rxd6 Bxg5
31. Rd5 b4 32. cxb4 axb4 33. axb4 Be3 {Black should be OK here} 34. b5 Re7 35.
Rfd1 Rb8 36. Bc4 Rbb7 37. Kc2 Kf6 38. Rd6+ Kg7 $2 (38... Kg5 {Why not right
away?}) 39. Rc6 Kh6 40. Kb3 Kg5 41. Rdd6 Kf4 42. Rf6+ Kg3 43. b6 {Now it's
difficult for Black.} Bf4 (43... Bg5 44. Bd5 Bxf6 45. Rxf6 $16) (43... Bd4 {
Waiting doesn't help either since White takes his king closer} 44. Kb4) 44. Ba6
Rb8 45. Rc8 $1 Rxc8 46. Bxc8 Be3 47. b7 Ba7 48. Ra6 Bb8 49. Ra8 Bc7 $2 (49...
Bd6 {doesn't help} 50. Kc4 Kxf3 51. Kd5 Bc7 52. Kc6 Kxe4 53. Bd7 $18) 50. Bg4 (
50. Kc4 {This also wins, but this was a blitz game!} Kxf3 51. Kd5 f5 52. Kc6)
50... f5 51. exf5 gxf5 52. Bxf5 Kxf3 53. b8=Q Bxb8 54. Rxb8 e4 55. Rf8 e3 56.
Bd3+ Kg2 57. Be2 Rd7 58. Rf3 (58. Re8 Kf2 59. Bc4 $18) 58... Rb7+ 59. Kc2 Rc7+
60. Kb1 Re7 61. b3 (61. b4 $4 Re4 $1) 61... Re8 62. Kb2 Re7 63. b4 1-0

[Event "Eurotel Trophy"]
[Site "Prague"]
[Date "2002.05.04"]
[Round "5.1"]
[White "Anand, Viswanathan"]
[Black "Karpov, Anatoly"]
[Result "1-0"]
[WhiteElo "2752"]
[BlackElo "2690"]
[Annotator "Anand,V"]
[PlyCount "117"]
[EventDate "2002.04.28"]
[EventType "k.o. (rapid)"]
[EventRounds "5"]
[EventCountry "CZE"]
[SourceTitle "CBM 089"]
[Source "ChessBase"]
[SourceDate "2002.08.12"]
[SourceVersion "1"]
[SourceVersionDate "2002.08.12"]
[SourceQuality "1"]

{For the final we had switched to the 7-hour time control.  Normally this is
somewhat disorienting, but we did have a rest day to adjust. Nonetheless, we
made our moves pretty slowly!} 1. e4 e5 2. Nf3 Nf6 {Karpov used the Petroff as
his main weapon in Prague - he played a total of 6 games with it.} 3. Nxe5 d6
4. Nf3 Nxe4 5. d4 d5 6. Bd3 Nc6 7. O-O Be7 8. c4 {Morozevich played 7.Re1, but
Short and Shirov stuck to this move. On the rest day, I tried to find
something with which to surprise him, but this difficult after 5 games! So I
decided to just repeat Alexey's approach.} Nb4 9. Be2 O-O 10. Nc3 Bf5 11. a3
Nxc3 12. bxc3 Nc6 13. Re1 Re8 (13... dxc4 14. Bxc4 Bd6 15. Bg5 {The main line
here.}) 14. Bf4 dxc4 {His improvement.} ({Against Alexey, he was worse after:} 
14... Na5 15. cxd5 Qxd5 16. Ne5 c6 17. c4 Qd8 18. Bh5 g6 19. Bg4 Bg5 20. Bxg5
Qxg5 21. Bxf5 Qxf5 22. Re3 Rad8 23. Qe1 b6 24. Rd1 f6 25. Ng4 Rxe3 26. Nxe3 $16
{Shirov-Karpov Prague 2002}) 15. Bxc4 Bd6 16. Rxe8+ (16. Bg5 {Obviously, Bg5
makes no sense here.}) 16... Qxe8 17. Ng5 Bg6 18. Bxd6 cxd6 {This position is
equal, but it isn't sterile - Black still has work to do. Once White's knight
finds a place at f4 or e3, Black won't be able to swap peices easily.} 19. h4
$1 Qe7 (19... h6 20. h5 (20. Nh3 Na5) 20... Bxh5 21. Qxh5 hxg5 {Here White can
take on g5, but after Qe7 and Qf6, Black should hold.} {And} 22. Kh2 $1 {
My favourite:} ({I was looking at several moves:} 22. Ra2 Qe1+ (22... Qe7 23.
Re2 Qf6 24. Re3 g6 25. Qh6 g4) 23. Kh2 Rf8) (22. Kf1 Qe7 23. Re1 Qf6 24. Re3 g6
25. Rf3 gxh5 26. Rxf6 Nd8 27. Rxd6 Rc8 28. Bd5 Kf8 29. c4 Ke7 30. Rh6 $14)
22... Rc8 (22... Na5 23. Re1 $1 (23. Bd5 Qd7 24. Rh1 Qf5) 23... Nxc4 (23... Qd7
24. Rh1 $1 Qf5 25. Kg1 Qb1+ 26. Bf1 $18) 24. Rxe8+ Rxe8 25. Qxg5 $16) (22...
Qe7 23. Rh1 $1 $18) 23. Re1 (23. Rh1 Ne7 24. Kg1 Kf8) 23... Ne7 (23... Qd7 24.
Bd3 g6 25. Bxg6 $1 $16) 24. Bd3 g6 25. Qxg5 Rc7 26. Re3 $16) 20. Qg4 h6 21. Nh3
(21. Nf3 Be4 22. Nd2 Bh7 {White can still play Nf1-e3, but I felt this was not
incisive enough.}) 21... Qf6 22. Re1 Bf5 23. Qf3 (23. Qg3) 23... Kf8 (23... Rc8
24. Nf4 Bd7 25. Qg3 $1 $14) 24. Nf4 Bd7 (24... Qxh4 {Black could have taken
here.} 25. Bxf7 Qg4 26. Qxg4 Bxg4 27. Bd5 Ne7 $8 28. Bxb7 Rb8 {It isn't easy
for White to contain Black's counterplay, but it isn't easy for Black to take
such extreme measures either when things look under control.}) 25. g3 Re8 26.
Rxe8+ Bxe8 {Here it looks like a dead draw, but White can still press.} 27. Qe4
$1 {The threat of Qh7 forces Black to make some concessions.} g5 $2 (27... g6
28. h5) 28. hxg5 Qxg5 {Most people told me that this was wrong and I shared
this opinion, but perhaps the real mistake was g5.} (28... hxg5 29. Nd5 Qg6 {
Now White can continue in two ways.} 30. Qf3 {I was leaning towards this.} (30.
Qxg6 fxg6 31. Nf6 Bf7 (31... Ke7 32. Nxe8 (32. Ne4 g4) 32... Kxe8 33. Kg2 Ke7
34. Kf3 Kf6 35. Bd5 $14) (31... Na5 32. Bd3 $16) 32. Nh7+ Kg7 33. Bxf7 Kxh7 34.
Bd5 $1 (34. Kg2 Ne7 $11) 34... Nd8 35. Kg2) 30... Bd7 31. Bd3 $14) 29. Bd5 $1 {
A very nice move which allows White to threaten Qb1} Bd7 (29... Qe7 30. Qf5 $16
) 30. Qh7 {Already Black has to lose a pawn} Qf6 (30... Be8 31. Qh8+ Ke7 32.
Bg2 $18) (30... Qg7 31. Qb1 $1 b6 32. Qb5 Nb8 33. Qc4 $18) (30... Nd8 31. Bxf7
Qg7) 31. Bxf7 {White wins a pawn, but I saw that the technical task wasn't
going to be trivial.} (31. Qb1 {I checked this for a while, but found that
Black defends with} b6 32. Qb5 Qf5 $1) 31... Ne7 32. Bb3 $1 (32. Ng6+ Nxg6 33.
Qg8+ $1 (33. Bxg6 Qg7 34. Qxg7+ Kxg7 35. Be4 b6 {I wasn't sure if White could
win this.} {For instance:} 36. f4 Kf6 37. Kf2 Be6 38. Kf3 Bd7 39. g4 Be6 40.
Kg3 Bf7 41. Kh4 Be8 42. g5+ hxg5+ 43. fxg5+ Kg7 {It isn't clear that White can
break through here and Anatoly thought the same.}) 33... Ke7 34. Bxg6 Qf8 35.
Qh7+ Kd8 36. Be4 b6 $16 {Here the presence of queens helps.}) 32... Bf5 {
Well, the queen is trapped, but...} 33. Nh5 Bxh7 34. Nxf6 Bg6 (34... Bf5 35. f3
Kg7 $2 36. Ne8+) 35. Ng4 Kg7 36. Ne3 Be4 37. g4 Kf6 38. Kh2 b6 39. Kg3 Kg5 {
White has brought his king out, but since this was a 7 hour game, I shuffle my
bishop around for a while.} 40. Bf7 Kf6 41. Bc4 Kg5 42. Bb3 Kf6 43. f3 Bg6 44.
f4 Be4 45. Bc4 Bc6 46. Bd3 Bb7 (46... Be8 {Karpov later said that he should
have waited on f7.} 47. Kh4 Bf7 48. Bb5 Be6 (48... Nd5 49. g5+ $1 {However,
this intermezzo wraps it up} (49. Nxd5+ Bxd5 50. Kh5 Kg7 {This is a
fascinating ending.} 51. Be8 Kf8 52. Bg6 Kg7 53. f5 Bf3 $8 (53... Bc6 54. f6+
Kxf6 55. Kxh6 {This is a trivial win}) 54. Be8 Be2 55. Bd7 Kf6 {Now White must
take the bishop back to h3} 56. Bc6 Kg7 57. Bg2 Bd1 {Black has to wait until
Bh3 to bring his own back.} 58. d5 (58. Bh3 Bb3 $8 59. f6+ Kh7 60. g5 Bf7+ 61.
Kh4 hxg5+ (61... Kg6 62. gxh6 Kxh6 63. Bf5) 62. Kxg5 Kg8 63. Bf5 Bc4 64. Bg6
Kf8 {Here White's position is far more imposing than in the one arising in the
note to move 32, but still hard to win.}) 58... Be2) 49... hxg5+ 50. fxg5+ Kg6
51. Bd3+ Kg7 52. Nf5+ Kf8 53. Nxd6 $18) (48... Bg6 49. Nc4 $1) 49. c4 $16) 47.
Kh4 Bf3 $2 (47... Bc6 {Black should still wait}) 48. Nc4 $1 {Now it's over} Nd5
(48... d5 49. Ne3 {Now bishop endgames are trivial - White goes through the e5
square.}) 49. Kg3 Bd1 (49... Bh1 50. Nxd6 Nxc3 51. Nc8 $18) 50. Nxd6 Nxc3 51.
Nf5 Kg6 52. d5 $1 {Finally} Ba4 53. d6 Bd7 54. Kh4 a5 {b5 leads to the same.}
55. Ne3+ Kf7 (55... Kg7 56. Bf5 $18) 56. Kh5 b5 57. Kxh6 Ke6 58. g5 Kxd6 59. g6
{Anatoly resigned.  It may interest the reader to know that this was White's
only win in Prague against the Petroff. Until now, White had 4 losses! 
However, please look at the games closely before rushing to play it - Black
suffered quite a bit!} 1-0

[Event "Eurotel Trophy"]
[Site "Prague"]
[Date "2002.05.05"]
[Round "5.2"]
[White "Karpov, Anatoly"]
[Black "Anand, Viswanathan"]
[Result "1/2-1/2"]
[WhiteElo "2690"]
[BlackElo "2752"]
[Annotator "Lutz,C"]
[PlyCount "67"]
[EventDate "2002.04.28"]
[EventType "k.o. (rapid)"]
[EventRounds "5"]
[EventCountry "CZE"]
[SourceTitle "CBM 089"]
[Source "ChessBase"]
[SourceDate "2002.08.12"]
[SourceVersion "1"]
[SourceVersionDate "2002.08.12"]
[SourceQuality "1"]

1. d4 d5 2. c4 c6 3. Nc3 Nf6 4. e3 e6 5. Nf3 Nbd7 6. Qc2 Bd6 7. Bd3 O-O 8. O-O
dxc4 9. Bxc4 a6 10. a4 c5 11. Rd1 cxd4 $1 {Die nach diesem Zug entstehende
Isolani-Stellung ist anscheinend befriedigend für Schwarz.} (11... Qc7 12. Ne4
Nxe4 13. Qxe4 Nf6 14. Qh4 cxd4 15. Bd3 h6 16. e4 $36 {0-1 Van Wely,L-Kasparov,
G/Internet 2000/CBM 76/[Lutz] (56)}) 12. exd4 Qc7 13. Qe2 (13. Bd3 b6 14. Be3 (
14. h3 Bb7 15. Qe2 (15. Ng5 h6 16. Nge4 {1/2-1/2 Dreev,A-Vyzmanavin,A/Podolsk
1992/CBM 33 (16)}) 15... Rfe8 16. Be3 e5 17. dxe5 Bxf3 18. Qxf3 Nxe5 19. Qf5
Nxd3 20. Qxd3 Bc5 21. Bxc5 Qxc5 22. Rac1 Qb4 23. Rc2 h6 24. Rcd2 Re6 25. g3 Qe7
{1/2-1/2 Maric,A-Cosma,E/Herceg Novi 2001/CBM 82 ext (25)}) 14... Bb7 15. Qe2
Nd5 16. Ne4 Nf4 17. Bxf4 Bxf4 $15 {0-1 Van Wely,L-Dreev,A/New Delhi/Theran
2000/CBM 81/[Lutz] (58)}) 13... Re8 $1 $146 {Durch die Gegenüberstellung von
De2 und Te8 verhindert Schwarz den Vorstoß d4-d5. In Adianto-Gurevich konnte
dank dieser Idee eine leichte Initiative behaupten.} (13... b6 14. Bg5 Bb7 (
14... Re8 $5) 15. d5 exd5 16. Nxd5 Nxd5 17. Bxd5 Bxd5 18. Rxd5 Nc5 19. Rad1
Rfe8 20. Qc2 Bf8 21. Be3 Rac8 22. Ng5 g6 23. b4 Ne6 24. Qxc7 Rxc7 25. Ne4 Be7
26. Bxb6 Rc4 27. Nd6 Bxd6 28. Rxd6 Rxb4 29. a5 $14 {1-0 Adianto,U-Gurevich,M/
Batumi 2001/CBM 86 (51)}) 14. Re1 (14. Bg5 b6 15. Rac1 Bb7 $11) 14... b6 15.
Bb3 Bb7 16. Ne5 {Weiß läßt Vereinfachungen zu, aber auch sonst hat er wohl
nichts Besonderes} Nd5 17. Bd2 Nxc3 18. Bxc3 Nxe5 19. dxe5 Bc5 $11 {Schwarz
hat keine Probleme mehr.} 20. Rac1 Qe7 21. Qg4 Rad8 22. Bc4 g6 23. Bf1 Qd7 24.
h4 h5 25. Qf4 Qd5 26. b4 Be7 27. Re3 Rf8 28. Rce1 Qb3 29. b5 axb5 30. Bxb5 Rd1
31. Rxd1 Qxd1+ 32. Kh2 Rd8 33. Be2 Qc2 34. Bf3 ({Schwarz kann nach} 34. Bf3
Qxf2 35. Re2 Qc5 {spielen und hat einen Bauern mehr, aber Anand reichte das
Unentschieden zum Matchsieg.}) 1/2-1/2

[Event "RUS-The World"]
[Site "Moscow"]
[Date "2002.09.08"]
[Round "1"]
[White "Motylev, Alexander"]
[Black "Anand, Viswanathan"]
[Result "0-1"]
[WhiteElo "2634"]
[BlackElo "2755"]
[Annotator "Anand,V"]
[PlyCount "72"]
[EventDate "2002.09.08"]
[EventType "schev (rapid)"]
[EventRounds "10"]
[EventCountry "RUS"]
[SourceTitle "CBM 091"]
[Source "ChessBase"]
[SourceDate "2002.11.12"]
[SourceVersion "1"]
[SourceVersionDate "2002.11.12"]
[SourceQuality "1"]
[WhiteTeam "Russia"]
[BlackTeam "The World"]
[WhiteTeamCountry "RUS"]

{The first round of a historic event. The legendary USSR vs the Rest of the
world match in Belgrade 1970 is still fresh in people's minds and the 2nd
edition in London 1984 was already 18 years ago!  Of course, the Soviet Union
no longer exists and we followed the rapid time control, but nonetheless I was
delighted to receive an invitation to "continue the tradition".  The
conditions were excellent - playing hall in the Kremlin, the hotel a stone's
throw away. All in all, one of my most memorable events.} 1. e4 c6 {For this
event, I had prepared the Caro-Kann defence. I scored 50% with it, this win
compensating being crushed completely by Svidler a few rounds later! The
opening itself was all the rage in Moscow being used by Kramnik, Shirov,
Bareev, Dreev and myself.} 2. d4 d5 3. e5 Bf5 4. Nc3 {Svidler beat me with 4.
Nf3 and later a couple of games were played with 4.Be3 Qb6 5.Qc1.} e6 5. g4 Bg6
6. Nge2 c5 7. Be3 Nc6 8. dxc5 a6 $1 {My second, Ubilava, suggested this to me.
White often plays either Bb5 or Nb5 in this variation and this cuts this
possibility out.  Alternatives are 8...Rc8 (Shirov used this in the last round
against Grischuk) and 8...h5} 9. Nd4 (9. f4 Qh4+ 10. Bf2 (10. Ng3 d4 $1 11. Bg2
dxe3 12. Bxc6+ bxc6 13. Qf3 {I found a game in my database where White won,
but it's difficult to believe that White can just sacrifice a piece like this,
even if he has some compensation.}) 10... Qxg4 11. Qd2 {Grischuk did this in
the last round, (Shirov had his rook on c8 instead of a pawn on a6), but I
believe that a6 is more useful.}) 9... h5 {The point. Black goes for the White
pawn structure.} 10. Nxc6 bxc6 11. g5 $2 {This lets off Black too easily. More
challenging were:} (11. Na4 hxg4 12. Nb6 Ra7 13. Qxg4 Bxc2 14. Qe2 Bg6 15.
O-O-O Qc7 {White threatened Nc4!}) ({and} 11. gxh5 Rxh5 12. Bd3) 11... Ne7 {
White can't keep his extra pawn. He has to defend e5, c5, g5 and c2} (11... Qa5
$2 {Too hasty} 12. a3 $1) (11... Rb8 12. Na4 {After the insertion of 11...Ne7
and 12.Bh3, Black has more possibilities here.}) 12. Bh3 (12. f4 Nf5 13. Bg1 (
13. Bf2 Qa5 $1 {Now this works since} 14. a3 Bxc5 15. b4 Bxf2+ {is check!})
13... Rb8 $1 14. Qe2 Rxb2 15. Qxa6 Qc7 $15) 12... Rb8 13. Qd4 $2 {Too late for
this.} (13. Na4 {Whether he liked it or not, White had to try and defend all
his pawns.} Rb4 (13... Bf5 14. Bxf5 (14. Bg2 Ng6 15. O-O (15. f4 $140 Rb4 $1
16. c3 Nxf4 $1 17. cxb4 Nxg2+ 18. Kf2 Nxe3 19. Kxe3 Qxg5+ $19) 15... Nxe5 $15)
14... Nxf5 15. Bd2) 14. c3 Rh4 (14... Re4 15. Bg2 Rxe3+ 16. fxe3 Nf5 17. Qe2
Qxg5 $44) 15. Bg2 Nf5 16. Bd2 f6 {Black seems to have enough compensation here.
}) 13... Bf5 $1 14. Bg2 Bxc2 {Thanks to the intermezzo on the previous move,
Black now threatens Nf5} 15. Qd2 Bg6 16. Na4 Nf5 17. O-O Be7 18. f4 (18. Bf4 h4
$1 19. h3 Rh5 20. Bf3 Rxg5+ (20... Bxg5 21. Bxh5 Bxf4 22. Qxf4 Bxh5 23. Nb6)
21. Bxg5 (21. Kh2 Bh5 $1) (21. Bg4 Rh5 22. Bxh5 Bxh5 {/\ g5|^}) 21... Bxg5 22.
Qc3 Bf4 $15) 18... Nxe3 19. Qxe3 Qa5 20. b3 Rb4 21. Kh1 O-O 22. Rac1 Rfb8 {
White has to lash out, since Black will simply take on a4 and mop up on the
queenside. Even so, I only just realized that f5 was vaguely possible.} 23. f5
{Here I thought a bit, but once I saw Re4, I replied} Bxf5 24. Rxf5 exf5 25. e6
Qc7 {Yes, f6 is possible, but this is simple enough.} 26. exf7+ Kxf7 27. Re1
Re4 $1 {Keeping it simple.} (27... Qd7 $2 28. Nb6) (27... Kf8 $2 28. Qe6 Rf4
29. g6 Bg5 30. Nb6 Rd8 31. Nxd5 $1) 28. Bxe4 fxe4 (28... dxe4 {is also good,
but White can play Nb6-c4. I wanted to keep the knight out.}) 29. Qh3 g6 30.
Nb6 Rd8 {Controlling the knight.} 31. Rf1+ Kg7 32. Qe6 (32. Nc4 {To get d4 out
of the way} dxc4 33. Qc3+ Kg8 34. Qxc4+ Rd5 35. Qxe4 {Fails to} Kg7 $1 $19) (
32. Qc3+ d4 33. Qc4 (33. Qh3 e3 $1) 33... Bxg5 $19) 32... Bxg5 ({Of course not.
..} 32... Bxc5 $2 33. Rf6 $1) 33. Rg1 Bf6 (33... Qe7 $1 {Quicker} 34. Qxc6 e3
35. Qa4 d4 36. Qc6 e2 $19) 34. Rf1 Qe7 35. Qxc6 e3 36. Nxd5 e2 $1 {The general
opinion before the match was that the Russians were favourites.   However,
this game along with Ivanchuk's win over Garry and Smirin's win over Karpov
took us to take a 6-4 lead after round 1 which set the tone for the whole
match.  A historic result!} (36... e2 37. Re1 Qe4+ 38. Kg1 Bd4+ 39. Ne3 Bxe3#)
0-1

[Event "RUS-The World"]
[Site "Moscow"]
[Date "2002.09.09"]
[Round "4"]
[White "Karpov, Anatoly"]
[Black "Anand, Viswanathan"]
[Result "1/2-1/2"]
[WhiteElo "2687"]
[BlackElo "2755"]
[Annotator "Dautov,R"]
[PlyCount "227"]
[EventDate "2002.09.08"]
[EventType "schev (rapid)"]
[EventRounds "10"]
[EventCountry "RUS"]
[SourceTitle "CBM 091"]
[Source "ChessBase"]
[SourceDate "2002.11.12"]
[SourceVersion "1"]
[SourceVersionDate "2002.11.12"]
[SourceQuality "1"]
[WhiteTeam "Russia"]
[BlackTeam "The World"]
[WhiteTeamCountry "RUS"]

1. d4 Nf6 2. Nf3 e6 3. c4 d5 4. Nc3 Be7 5. Bf4 O-O 6. e3 c5 7. dxc5 Bxc5 8. a3
Nc6 9. cxd5 Nxd5 10. Nxd5 exd5 11. Bd3 Bb6 12. O-O Bg4 13. h3 Bh5 14. Rc1 Re8
15. b4 a6 16. Bxa6 (16. Rc2 d4 17. e4 Bc7 18. Bxc7 Qxc7 19. Rc5 Bxf3 20. Qxf3
Qe7 $11) 16... Rxa6 17. b5 Rxa3 18. bxc6 bxc6 (18... Bxf3 19. Qxf3 bxc6 20.
Rxc6 Re6 21. Rxe6 fxe6 22. Be5 $1 $14) 19. Rxc6 {Soweit eine der
Hauptvarianten des Abspiels 9.cxd5. Die gegnerische Aktivität zwingt Schwarz
zur Abgabe des Bauern d5 und der Verteidigung des entstehenden Endspiels.} Ra7
$1 {Dieser Zug ist vorsichtiger und wohl besser als das naheliegende 19...Re6.}
(19... Re6 20. Rxe6 fxe6 21. Qc1 {Schwarz hat Probleme mit der Verteidigung
seiner neuentstandenen Schwäche e6.} Qa8 $2 {Atalik,S-Short,N/Ohrid 2001} (
21... Ra6 $142 22. Qc6 Qe8 23. Rc1 Qxc6 24. Rxc6 Bxf3 25. gxf3 d4 26. e4 $1 {
Atalik}) 22. Ng5 $1 $16 {Atalik}) 20. Rd6 $146 (20. Qb3 Bxf3 21. gxf3 Bc7 22.
Rxc7 Rxc7 23. Bxc7 Qxc7 24. Qxd5 Qe5 25. Rd1 Qxd5 26. Rxd5 g6 $14 {Malakhatko,
V-Pigusov,E/Ohrid 2001}) 20... Rd7 21. Qxd5 Rxd6 $1 {Eine gute strategische
Entscheidung! Anstatt die gegnerische Bauernstruktur mit Bxf3 zu
verschlechtern (aber das weiße Spiel zu erleichtern) behält Anand lieber sein
Läuferpaar und damit auch seine Chancen, ein Endspiel mit ungleichfarbigen
Läufern herbeizuführen.} (21... Bxf3 22. gxf3 Rxd6 23. Qxd6 Qxd6 24. Bxd6 $14)
22. Qxd6 Qxd6 23. Bxd6 Rd8 24. Bg3 Bc5 25. Rc1 Bf8 26. Nd4 Bg6 27. Rc7 h6 28.
h4 Re8 29. Nb5 Rb8 30. Nc3 Re8 31. Kh2 Bf5 32. Nb5 Rc8 33. Ra7 Bc5 34. Ra1 (34.
Rb7 $2 Be4 $11 {, und Weiß muß die Türme tauschen.}) 34... Rd8 35. Rc1 Rc8 36.
Rd1 Bc2 37. Rd2 Bb4 38. Rd7 Bf5 39. Rd5 Be6 40. Rd1 Be7 41. Nd4 Bd7 42. e4 Rd8
43. Rb1 Bc5 44. Ne2 Be7 45. f3 Bc6 46. Rb6 Bd7 47. Nf4 Bf8 48. h5 Rc8 49. Nd5
Be6 50. Nc7 Bc4 51. Bf4 Rd8 52. Rc6 Bb3 53. Rc3 Ba2 54. Nb5 Be6 55. Nc7 Ba2 56.
Kg3 Be7 57. Nb5 Be6 58. Rc7 Bf8 59. Rc1 Bb3 60. Be5 f6 61. Bf4 Bf7 62. Kg4 Be6+
63. Kh4 Bf7 64. g4 {Ohne diesen Zug kommt Weiß nicht weiter, aber nun sorgt
die Schwäche f3 für das schwarze Gegenspiel.} Be6 65. Kg3 Bf7 66. Rc3 Bb4 67.
Rc7 Be6 68. Rb7 Bc5 69. Nc7 Bc4 70. Rb2 Be7 71. Rc2 Bf7 72. Rc6 Bb3 73. Kf2 Rd3
74. Ke2 Rd4 75. Ke3 Rc4 76. Nd5 Bf8 77. Rxc4 Bxc4 {Ohne Türme sinken die
weißen Gewinnchancen auf Null.} 78. Kf2 Kf7 79. Be3 Bd6 80. Bd4 Bb3 81. Ne3 Bf8
82. Nf5 Bd1 83. Be3 Ba4 84. Bf4 Bc5+ 85. Kg3 Bd7 86. Bc7 Bb4 87. f4 Bc6 88. Kf3
Bd2 89. Bd6 Bc1 90. Bc5 Ba8 91. Bd4 Ba3 92. Be3 Bc6 93. Bd2 Bc5 94. Ba5 Ba4 95.
Bc7 Bd1+ 96. Kg3 Bc2 97. e5 fxe5 98. fxe5 Bb3 99. Bd6 Bb6 100. Bb4 Be6 101. Kf4
Ba2 102. Bc3 Be6 103. Nd6+ Kg8 104. Ne4 Bg1 105. Be1 Bb6 106. g5 hxg5+ 107.
Nxg5 Bc8 108. Bb4 Bd8 109. Nf3 Be6 110. Nd4 Bf7 111. Kg4 Bb6 112. Nf3 Be6+ 113.
Kf4 Bf7 114. Ke4 1/2-1/2